000
00227nam a2200097Ia 4500
005
20251222114350.0
008
251222s1900||||xx |||||||||||||| ||spa||
082
_a
DVD0010/H79/1996/Ej.2
245
0
_a
El rescate:Ransom
942
_c
DVD
999
_c
1205
_d
1205